000 00849nam a22002175i 4500
001 165231
003 ES-MaACL
005 20250717090744.0
008 050818s1895 po a | |||||||| ||por d
040 _aCAM
_bspa
_cCAM
100 1 _aSerrano, José Antonio.
_9132674
245 1 0 _aTratado de osteologia humana
_b: morphologia, phylogenia, ontogenia ... /
_cpor J.A. Serrano.
260 _aLisboa :
_b[s.n.],
_c1895 (
_fTypographia da Academia Real das Sciencias)
300 _a2 v. :
_bil. ;
_c24 cm.
505 8 _aContiene: T.I, Tronco (CXIX, 686 p., [1] h. pleg.) - T.II, Membros
650 4 _aHuesos.
_9136245
650 7 _aAnatomía
_2embne
_99800
752 _aPortugal -
_dLisboa
852 _aES-MaACL
_jG-13805
_z-- Enc. hol. conservando la cub. original
_q-- Sólo t.I, Tronco (CXIX, 686 p., [1] h. pleg.)
999 _c165231
_d165231